000 00350nam a22001337a 4500
005 20260119122601.0
008 260119b |||||||| |||| 00| 0 eng d
020 _a9789352691166
100 _aJain Suchi
245 _aOperating System
_c/Suchi Jain
260 _aNew Delhi:
_bRandom Publications:
_c2019
300 _avi;294p;
_c24cm.
942 _2lcc
_cBK
_n0
999 _c130
_d130